banner-ar

ثلاث سويديات فى القاهرة : (Record no. 63686)

MARC details
000 -الفاتح
حقل البيانات ثابتة الطول 00916nam a22002297a 4500
005 - وقت وتاريخ اخر تعامل مع التسجيلة
رقم الضبط 20240530110654.0
008 - عناصر البيانات ثابتة الطول - معلومات عامة
حقل البيانات ثابتة الطول 171216s2016 ua g 000 f ara d
017 ## - رقم الايداع القانونى
رقم الايداع القانونى 2016/2841
المصدر ( الهيئة المختصة) مصر. دار الكتب
020 ## - الرقم الدولى المعيارى للكتب
الرقم الدولى المعيارى للكتاب 9789777950169
040 ## - مصدر الفهرسة
وكالة الفهرسة الأصلية EG-CaGPL
وكالة النسخ EG-CaGPL
082 04 - رقم تصنيف ديوى العشرى
رقم الطبعة 21
رقم التصنيف 839.7\
رقم المادة إ ث
100 1# - المدخل الرئيسى - إسم شخصى
الإسم الشخصى ايديلستام ؛ ان
245 10 - بيان العنوان
العنوان ثلاث سويديات فى القاهرة :
بيان المسئوليه,etc رواية /
بقية العنوان ان ايديلستام ؛ ترجمة مروة ابراهيم ادم ؛ تقديم بطرس بطرس غالى .
250 ## - بيان الطبعة
بيان الطبعة ط.1
260 ## - PUBLICATION, DISTRIBUTION, ETC. (IMPRINT)
تاريخ النشر أو التوزيع 2016 .
300 ## - الوصف المادى
التعداد 607 ص. ؛
أبعاد الوعاء 20 سم.
650 07 - المدخل الاضافى بالموضوع-مصطلح موضوعى
مصدر الرأس أو المصطلح qrmak
مصطلح موضوعي القصص السويدية
700 0# - المدخل الاضافى - اسم شخصى
الإسم الشخصى مروة ابراهيم ادم
الدور مترجم
700 0# - المدخل الاضافى - اسم شخصى
الإسم الشخصى بطرس بطرس غالى
الدور مقدم
942 ## - عناصر المدخل الإضافي( كوها)
مصدر التصنيف او مخطط الترفيف Dewey Decimal Classification
Koha [default] item type كتاب
260 ## - PUBLICATION, DISTRIBUTION, ETC. (IMPRINT)
-- القاهرة :
-- الدار المصرية اللبنانية ،
Holdings
حالة التراجع حالة الفقد حالة تلف ليس للاعارة المكان المؤقت الموقع الحالى موقع الترفيف تاريخ الاكتساب اجمالي اﻻعارات رقم الطلب الباركود تاريخ اخر مشاهدة تاريخ تفعيل السعر نوع وعاء كوها
        مكتبة القاهرة الكبرى مكتبة القاهرة الكبرى القاعة الرئيسية 12/17/2017   839.7\ إ ث 163795 12/17/2017 12/17/2017 كتاب

Powered By

EGPV